Machine trades print reading /

Machine Trades Printreading, 2nd Edition, present thorough foundation for understanding prints used for manufacturing and machining. This text begins with the basic techniques for representing three-dimensional objects, including print production, common dimensioning and tolerancing methods, and the...

全面介紹

Đã lưu trong:
書目詳細資料
主要作者: Proctor Thomas E.
其他作者: Holloway J.David, Gosse Jonathan F.
格式: 圖書
語言:Vietnamese
出版: American : American technical publishers , 2005
版:Tái bản lần thứ 2
主題:
標簽: 添加標簽
沒有標簽, 成為第一個標記此記錄!
Thư viện lưu trữ: Thư viện Trường CĐ Kỹ Thuật Cao Thắng
LEADER 01446nam a2200253 a 4500
001 TVCDKTCT7587
003 Thư viện trường Cao đẳng Kỹ thuật Cao Thắng
005 20070622000000
008 070622
980 \ \ |a Thư viện Trường CĐ Kỹ Thuật Cao Thắng 
024 |a RG_1 #1 eb0 i1 
020 # # |a 0-8269-1867-0 
041 0 # |a vie 
082 # # |a 681 /   |b M102I-t 
100 1 # |a Proctor Thomas E. 
245 0 0 |a Machine trades print reading /  |c Proctor Thomas E., Holloway J.David, Gosse Jonathan F. 
250 # # |a Tái bản lần thứ 2 
260 # # |a American :  |b American technical publishers ,  |c 2005 
300 # # |a 325tr. ;  |c 28cm 
520 # # |a Machine Trades Printreading, 2nd Edition, present thorough foundation for understanding prints used for manufacturing and machining. This text begins with the basic techniques for representing three-dimensional objects, including print production, common dimensioning and tolerancing methods, and the associated math machinists frequently encounter. Next, the text presentthe special types of view needed to describe complex shapes and a disscusion of various materials and their properties. Also covered are special machineed features and components and their specifications. the text concludes with an overview of numerical control documents. 
650 # 4 |a Máy in 
650 # 4 |a Máy in thương mại 
700 0 # |a Holloway J.David 
700 0 # |a Gosse Jonathan F.